[Event "Junior Online 4NCL Division 4"]
[Site "online"]
[Date "2020.10.29"]
[Round "6.11"]
[White "Patel, Krrish"]
[Black "Stoica, Savas Marin"]
[Result "1-0"]
[WhiteElo "1547"]
[BlackElo "1922"]
[PlyCount "75"]
[EventDate "2020.10.29"]
[WhiteTeam "JHJ 2"]
[BlackTeam "Barnet Knights A"]

1. d4 d5 2. Nc3 Nf6 3. Bf4 a6 4. e3 Bf5 5. f3 e6 6. g4 Bg6 7. h4 h5 8. g5 Nfd7
9. Bd3 Bxd3 10. Qxd3 c5 11. Nge2 Nc6 12. Qd2 Nb6 13. g6 f6 14. O-O-O Nc4 15.
Qe1 cxd4 16. Nxd4 Nxd4 17. exd4 Qb6 18. b3 Ba3+ 19. Kb1 Kd7 20. Na4 Qc6 21. Ka1
Rac8 22. Bc1 Bd6 23. Qe2 Na3 24. Nc5+ Bxc5 25. dxc5 Nb5 26. Qd3 Qxc5 27. c4 Nc7
28. Rhe1 Rhe8 29. Bb2 b5 30. cxd5 Nxd5 31. f4 Qc2 32. Qd4 Qc5 33. Qe4 f5 34.
Qe2 Qc2 35. Qe5 Re7 36. Rxd5+ exd5 37. Qxe7+ Kc6 38. Re6# 1-0

[Event "Junior Online 4NCL Division 4"]
[Site "online"]
[Date "2020.10.29"]
[Round "6.13"]
[White "Groot Wassink, Leon"]
[Black "Sanfey, Gregor"]
[Result "0-1"]
[WhiteElo "1487"]
[BlackElo "1750"]
[PlyCount "40"]
[EventDate "2020.10.29"]
[WhiteTeam "JHJ 2"]
[BlackTeam "Barnet Knights A"]

1. e4 d6 2. d4 Nf6 3. Nc3 g6 4. Be3 Bg7 5. Bd3 O-O 6. Nge2 c6 7. O-O Nbd7 8.
Qd2 e5 9. f3 Qe7 10. Rfe1 Rd8 11. Ng3 Nb6 12. a4 Qc7 13. b4 Be6 14. a5 Nc4 15.
Qe2 Nxe3 16. Qxe3 exd4 17. Qxd4 Ne8 18. e5 dxe5 19. Qe3 e4 20. Ngxe4 Bd4 0-1

[Event "Junior Online 4NCL Division 4"]
[Site "online"]
[Date "2020.10.29"]
[Round "6.14"]
[White "Angelopoulos, Andreas"]
[Black "Harb, Laith A"]
[Result "1-0"]
[WhiteElo "1637"]
[BlackElo "1472"]
[PlyCount "77"]
[EventDate "2020.10.29"]
[WhiteTeam "Barnet Knights A"]
[BlackTeam "JHJ 2"]

1. d4 d5 2. c4 e6 3. Nc3 Nf6 4. Nf3 Be7 5. Bf4 O-O 6. e3 Nbd7 7. Be2 c6 8. O-O
b6 9. Qc2 Bb7 10. b3 c5 11. Rfd1 h6 12. Rac1 Rc8 13. Qb2 cxd4 14. Nxd4 Bc5 15.
Ncb5 Qe7 16. Rc2 a6 17. Nc3 Ba3 18. Qb1 dxc4 19. Bxc4 b5 20. Bd3 Bb4 21. Nce2
Qd8 22. Bg3 Be7 23. Rxc8 Qxc8 24. Rc1 Qd8 25. Nc6 Bxc6 26. Rxc6 Qa8 27. Rc7 Qd5
28. Nf4 Qa8 29. Qc2 Qd8 30. h3 Bd6 31. Rc6 Bxf4 32. Bxf4 Qa8 33. Be2 Nd5 34.
Bd6 Rd8 35. a3 N7f6 36. Bf3 Qa7 37. e4 Nb6 38. Bc7 Rc8 39. Bxb6 1-0

[Event "Junior Online 4NCL Division 4"]
[Site "online"]
[Date "2020.10.29"]
[Round "6.15"]
[White "Stoica, Savas Marin"]
[Black "Patel, Krrish"]
[Result "0-1"]
[WhiteElo "1922"]
[BlackElo "1547"]
[PlyCount "50"]
[EventDate "2020.10.29"]
[WhiteTeam "Barnet Knights A"]
[BlackTeam "JHJ 2"]

1. d4 Nf6 2. Nf3 g6 3. c4 Bg7 4. Nc3 d6 5. e4 Nbd7 6. Be2 b6 7. O-O Bb7 8. Qc2
O-O 9. Bg5 c5 10. d5 a6 11. Rfe1 h6 12. Bd2 Ng4 13. h3 Nge5 14. Nxe5 Nxe5 15.
f4 Nd7 16. Be3 e6 17. f5 exd5 18. Nxd5 Bxd5 19. exd5 Ne5 20. fxg6 fxg6 21. Bd3
Nxd3 22. Qxd3 Qf6 23. Rf1 Qe5 24. Rae1 Qg3 25. Qd2 Be5 0-1

[Event "Junior Online 4NCL Division 4"]
[Site "online"]
[Date "2020.10.29"]
[Round "6.17"]
[White "Sanfey, Gregor"]
[Black "Groot Wassink, Leon"]
[Result "1-0"]
[WhiteElo "1750"]
[BlackElo "1487"]
[PlyCount "61"]
[EventDate "2020.10.29"]
[WhiteTeam "Barnet Knights A"]
[BlackTeam "JHJ 2"]

1. f4 d5 2. Nf3 Nf6 3. b3 e6 4. Bb2 Nbd7 5. g3 Bc5 6. Bg2 c6 7. e3 Qb6 8. O-O
Ng4 9. d4 Bd6 10. Qe2 Ngf6 11. Ne5 O-O 12. Nd2 Re8 13. g4 Rf8 14. g5 Ne8 15.
Qh5 f6 16. g6 h6 17. Nf7 f5 18. Rf3 Nef6 19. Nxh6+ gxh6 20. Qxh6 Rf7 21. Rh3
Nh7 22. gxf7+ Kxf7 23. Qxh7+ Ke8 24. Rg3 Nf8 25. Qh5+ Ke7 26. Rg7+ Kd8 27. c4
Bb8 28. c5 Qb4 29. Qf7 Bd6 30. cxd6 Qxd6 31. Rg8 1-0

[Event "Junior Online 4NCL Division 4"]
[Site "online"]
[Date "2020.10.29"]
[Round "6.18"]
[White "Harb, Laith A"]
[Black "Angelopoulos, Andreas"]
[Result "0-1"]
[WhiteElo "1472"]
[BlackElo "1637"]
[PlyCount "80"]
[EventDate "2020.10.29"]
[WhiteTeam "JHJ 2"]
[BlackTeam "Barnet Knights A"]

1. d4 Nf6 2. c4 e6 3. Nc3 Bb4 4. Bd2 O-O 5. e3 b6 6. Nf3 Bb7 7. Be2 Be7 8. O-O
d6 9. Qc2 Nbd7 10. Bd3 Bxf3 11. gxf3 g6 12. Kh1 Re8 13. e4 Bf8 14. Bg5 Bg7 15.
Rfe1 e5 16. Nb5 a6 17. Nc3 Qc8 18. dxe5 Nxe5 19. Nd5 Nxd5 20. exd5 Nxd3 21.
Qxd3 Qh3 22. Rab1 Re5 23. Rxe5 Bxe5 24. f4 Qxd3 25. fxe5 Qxb1+ 26. Kg2 dxe5 27.
Bf6 Qxb2 28. Kg3 Qxa2 29. f3 Qxc4 30. Bxe5 Qxd5 31. Bxc7 b5 32. Bb6 b4 33. Be3
b3 34. Bf4 b2 35. Be3 b1=Q 36. h3 Qe1+ 37. Bf2 Qde5+ 38. Kg2 Qg5+ 39. Kh2 Qxf2+
40. Kh1 Qgg1# 0-1

[Event "Junior Online 4NCL Division 4"]
[Site "online"]
[Date "2020.10.29"]
[Round "6.21"]
[White "McBrinn, Conall"]
[Black "Johnston, Alexander"]
[Result "1-0"]
[WhiteElo "1690"]
[BlackElo "1480"]
[PlyCount "93"]
[EventDate "2020.10.29"]
[WhiteTeam "JHJ 1"]
[BlackTeam "Forest Hall Chimaeras"]

1. d4 d5 2. c4 c6 3. Nc3 Nf6 4. Nf3 dxc4 5. e4 b5 6. a4 Qa5 7. Qc2 Bg4 8. Be2
e6 9. Bf4 Bb4 10. O-O Qb6 11. axb5 cxb5 12. h3 Bxf3 13. Bxf3 Qxd4 14. e5 Nfd7
15. Bxa8 Bxc3 16. bxc3 Qxf4 17. Rxa7 O-O 18. Rb7 Qxe5 19. Rb1 Nc6 20. R1xb5
Qe1+ 21. Kh2 Rxa8 22. Rxd7 Ne5 23. Rdb7 g6 24. Rb8+ Rxb8 25. Rxb8+ Kg7 26. Rb5
Nd3 27. Rb1 Qe5+ 28. g3 Qc5 29. Rf1 Qe5 30. Qd2 Qe4 31. Qe3 Qd5 32. Rd1 Qf5 33.
Rd2 Ne5 34. Kg2 h5 35. Re2 Qf6 36. Qxe5 Qxe5 37. Rxe5 Kf6 38. Rc5 e5 39. Rxc4
Kf5 40. Kf3 g5 41. g4+ hxg4+ 42. hxg4+ Kg6 43. Rc6+ f6 44. c4 Kf7 45. c5 Ke7
46. Ra6 Kd7 47. Rxf6 1-0

[Event "Junior Online 4NCL Division 4"]
[Site "online"]
[Date "2020.10.29"]
[Round "6.22"]
[White "Wu, Feitong"]
[Black "Yu, William"]
[Result "0-1"]
[WhiteElo "1495"]
[BlackElo "1592"]
[PlyCount "32"]
[EventDate "2020.10.29"]
[WhiteTeam "Forest Hall Chimaeras"]
[BlackTeam "JHJ 1"]

1. e4 e6 2. d4 d5 3. Nc3 dxe4 4. Nxe4 Nd7 5. Nf3 Ngf6 6. Nc3 b6 7. g3 Bb7 8.
Bg2 Rb8 9. O-O Be7 10. Bf4 O-O 11. Re1 Bd6 12. Bg5 c5 13. a4 Qc7 14. h4 cxd4
15. Nxd4 Bc5 16. Ndb5 Qxg3 0-1

[Event "Junior Online 4NCL Division 4"]
[Site "online"]
[Date "2020.10.29"]
[Round "6.23"]
[White "O'neill, Kai"]
[Black "Hutchins, Andrew"]
[Result "0-1"]
[WhiteElo "1577"]
[BlackElo "1450"]
[PlyCount "94"]
[EventDate "2020.10.29"]
[WhiteTeam "JHJ 1"]
[BlackTeam "Forest Hall Chimaeras"]

1. e4 c5 2. Nf3 e6 3. d4 cxd4 4. Nxd4 Nc6 5. Nc3 a6 6. Bd3 Bb4 7. Be2 Nf6 8. f3
O-O 9. Nxc6 bxc6 10. a3 Bc5 11. b4 Ba7 12. Qd3 Re8 13. Be3 Bb8 14. Na4 Bc7 15.
Nc3 d5 16. Bc5 Nd7 17. Bd4 Qh4+ 18. Bf2 Qh6 19. Be3 Qg6 20. g3 Ne5 21. Qd2 Rd8
22. Qc1 Bb7 23. Na4 dxe4 24. Nc5 Bc8 25. Nxe4 f5 26. Nc5 Nf7 27. Qb2 Be5 28.
Qa2 Bxa1 29. Qxa1 a5 30. Qc3 axb4 31. axb4 Nd6 32. Bf4 Nb7 33. Be3 Nxc5 34.
Bxc5 Qf6 35. Qxf6 gxf6 36. O-O Kg7 37. Bd3 Ba6 38. Rd1 Bxd3 39. Rxd3 Rxd3 40.
cxd3 Ra3 41. d4 Rxf3 42. Kg2 Rb3 43. Kh3 Kg6 44. Kg2 Kg5 45. h3 h5 46. h4+ Kg4
47. Bd6 Rd3 0-1

[Event "Junior Online 4NCL Division 4"]
[Site "online"]
[Date "2020.10.29"]
[Round "6.24"]
[White "Mohindra, Arun"]
[Black "Aserkoff, Daniel"]
[Result "1-0"]
[WhiteElo "1300"]
[BlackElo "1547"]
[PlyCount "23"]
[EventDate "2020.10.29"]
[WhiteTeam "Forest Hall Chimaeras"]
[BlackTeam "JHJ 1"]

1. e4 e5 2. Nf3 Nc6 3. Bc4 Nf6 4. d4 exd4 5. O-O Bc5 6. e5 d5 7. exf6 dxc4 8.
Re1+ Be6 9. Ng5 Qxf6 10. Nxe6 fxe6 11. Qh5+ Kf8 12. Qxc5+ 1-0

[Event "Junior Online 4NCL Division 4"]
[Site "online"]
[Date "2020.10.29"]
[Round "6.25"]
[White "Johnston, Alexander"]
[Black "McBrinn, Conall"]
[Result "0-1"]
[WhiteElo "1480"]
[BlackElo "1690"]
[PlyCount "96"]
[EventDate "2020.10.29"]
[WhiteTeam "Forest Hall Chimaeras"]
[BlackTeam "JHJ 1"]

1. d4 d5 2. Nc3 Nf6 3. Bf4 c5 4. e3 Nc6 5. g3 Bg4 6. Nf3 cxd4 7. exd4 e6 8. Bg2
Bb4 9. O-O O-O 10. h3 Bh5 11. Qd3 Bg6 12. Qe3 Qb6 13. a3 Be7 14. Na4 Qd8 15.
Nh4 Bxc2 16. Nc5 Qb6 17. b4 Bg6 18. Be5 Rfd8 19. Bf3 Nxe5 20. Qxe5 Nd7 21. Nxd7
Rxd7 22. Rac1 Bxh4 23. gxh4 Rad8 24. h5 Bf5 25. h6 f6 26. Qg3 Kh8 27. Kh1 Qxd4
28. Rg1 g6 29. Rc7 e5 30. Rxd7 Bxd7 31. Bh5 Qe4+ 32. Rg2 Bc6 33. f3 Qf5 34. Bg4
Qg5 35. h4 Qxh6 36. Be6 d4 37. Qe1 Bxf3 38. Kh2 Qf4+ 39. Kh3 Bxg2+ 40. Kxg2 Re8
41. Bd5 Qg4+ 42. Kh2 f5 43. Qc1 Qf4+ 44. Qxf4 exf4 45. Kg2 d3 46. Kf3 d2 47.
Bb3 Re3+ 48. Kxf4 Rxb3 0-1

[Event "Junior Online 4NCL Division 4"]
[Site "online"]
[Date "2020.10.29"]
[Round "6.26"]
[White "Yu, William"]
[Black "Wu, Feitong"]
[Result "1-0"]
[WhiteElo "1592"]
[BlackElo "1495"]
[PlyCount "89"]
[EventDate "2020.10.29"]
[WhiteTeam "JHJ 1"]
[BlackTeam "Forest Hall Chimaeras"]

1. d4 e6 2. Bf4 d5 3. e3 Nf6 4. Bd3 Bd6 5. Bg3 O-O 6. Nd2 Nc6 7. Ngf3 h6 8.
Bxd6 cxd6 9. O-O Re8 10. c4 e5 11. cxd5 Nxd5 12. dxe5 dxe5 13. Bc4 Nf6 14. e4
Bg4 15. Qb3 Qc7 16. Rac1 Be6 17. Bd5 Rac8 18. Qb5 Qb6 19. Qxb6 axb6 20. Bb3 Bg4
21. Rfe1 Rcd8 22. h3 Bh5 23. Ba4 Re6 24. Bb3 Red6 25. Nc4 R6d7 26. Ncxe5 Nxe5
27. Nxe5 Rd2 28. g4 Rxb2 29. gxh5 Rdd2 30. Rf1 Nxe4 31. Bxf7+ Kf8 32. Rc8+ Ke7
33. Rc7+ Kf6 34. Ng4+ Kg5 35. Rxb7 Kh4 36. Kg2 Ng5 37. Bb3 Nxh3 38. Rxg7 Nf4+
39. Kg1 Ne2+ 40. Kg2 Nf4+ 41. Kh2 Nd3 42. Rh1 Rxf2+ 43. Nxf2 Rxf2+ 44. Kg1+ Rh2
45. Rxh2# 1-0

[Event "Junior Online 4NCL Division 4"]
[Site "online"]
[Date "2020.10.29"]
[Round "6.27"]
[White "Hutchins, Andrew"]
[Black "O'neill, Kai"]
[Result "0-1"]
[WhiteElo "1450"]
[BlackElo "1577"]
[PlyCount "56"]
[EventDate "2020.10.29"]
[WhiteTeam "Forest Hall Chimaeras"]
[BlackTeam "JHJ 1"]

1. d4 d5 2. c4 c6 3. Nc3 Nf6 4. cxd5 cxd5 5. Nf3 Bf5 6. Qb3 Qd7 7. e3 e6 8. Ne5
Qc7 9. Qa4+ Nc6 10. Bb5 Bd6 11. Nxc6 O-O 12. Nb4 a6 13. Be2 b5 14. Qd1 Bxb4 15.
O-O Bd6 16. Bf3 Bxh2+ 17. Kh1 Bd6 18. Re1 Rfc8 19. e4 dxe4 20. Bxe4 Nxe4 21.
Nxe4 Qc6 22. Nxd6 Qxd6 23. g3 Rc2 24. Bf4 Qd5+ 25. Kg1 Rac8 26. Re5 Qd7 27. b3
f6 28. Re3 Rd8 0-1

[Event "Junior Online 4NCL Division 4"]
[Site "online"]
[Date "2020.10.29"]
[Round "6.28"]
[White "Aserkoff, Daniel"]
[Black "Mohindra, Arun"]
[Result "1-0"]
[WhiteElo "1547"]
[BlackElo "1300"]
[PlyCount "99"]
[EventDate "2020.10.29"]
[WhiteTeam "JHJ 1"]
[BlackTeam "Forest Hall Chimaeras"]

1. e4 Nf6 2. Nc3 d5 3. exd5 Nxd5 4. Bc4 Nxc3 5. dxc3 Qxd1+ 6. Kxd1 Nc6 7. Nf3
Bg4 8. Ke2 e6 9. Bf4 O-O-O 10. Rhd1 Rxd1 11. Rxd1 Bd6 12. Bxd6 Bxf3+ 13. Kxf3
Rd8 14. Ke2 Rxd6 15. Re1 Na5 16. Bb3 Nxb3 17. cxb3 Kd7 18. Ke3 Kc6 19. Re2 Kd5
20. Rd2+ Ke5 21. f4+ Kf6 22. Rxd6 cxd6 23. Ke4 g5 24. g3 gxf4 25. Kxf4 e5+ 26.
Ke4 Ke6 27. c4 f5+ 28. Ke3 d5 29. Kd3 d4 30. b4 b6 31. b3 b5 32. a4 bxc4+ 33.
bxc4 Kd6 34. c5+ Kc6 35. b5+ Kd5 36. c6 Kd6 37. a5 Kc7 38. h3 f4 39. gxf4 exf4
40. Ke4 d3 41. Kxd3 f3 42. Ke3 f2 43. Kxf2 Kd6 44. Ke3 Kc7 45. Kd4 Kd6 46. Ke4
Kc7 47. Kd5 Kd8 48. Kd6 Kc8 49. c7 Kb7 50. Kd7 1-0

[Event "Junior Online 4NCL Division 4"]
[Site "online"]
[Date "2020.10.29"]
[Round "6.31"]
[White "Timbrell, Matthew"]
[Black "Ward, Cian"]
[Result "1-0"]
[WhiteElo "1682"]
[BlackElo "1465"]
[PlyCount "111"]
[EventDate "2020.10.29"]
[WhiteTeam "Somerset Lions"]
[BlackTeam "JHJ 3"]

1. e4 c6 2. d4 d5 3. exd5 cxd5 4. Bd3 Nf6 5. Bf4 g6 6. Nc3 Bg7 7. Nf3 Bg4 8. h3
Bxf3 9. Qxf3 e6 10. Be5 Nbd7 11. Bb5 a6 12. Bxd7+ Qxd7 13. Bxf6 Bxf6 14. Qxf6
O-O 15. O-O b5 16. h4 h5 17. f3 Qd6 18. Qe5 Qb4 19. Rab1 Rac8 20. g4 hxg4 21.
fxg4 Qc4 22. h5 gxh5 23. gxh5 Kh7 24. Qf6 Rg8+ 25. Kh1 Rcf8 26. Qe7 Qxd4 27.
Rxf7+ Rg7 28. Rxg7+ Qxg7 29. Qxg7+ Kxg7 30. Rg1+ Kh6 31. Rg6+ Kh7 32. Rxe6 Rf5
33. Rxa6 Rxh5+ 34. Kg2 Rg5+ 35. Kf3 b4 36. Ne2 Rh5 37. Rb6 Rh3+ 38. Kf2 Rh2+
39. Ke3 Rh3+ 40. Kd2 Rh2 41. Rxb4 Rh3 42. Rb3 Rh2 43. Rd3 Rh4 44. Rxd5 Rg4 45.
Rd4 Rg5 46. c4 Ra5 47. a3 Ra6 48. c5 Rc6 49. b4 Ra6 50. Rd7+ Kg8 51. b5 Rxa3
52. c6 Ra2+ 53. Ke3 Ra3+ 54. Kf2 Rb3 55. c7 Rxb5 56. c8=Q# 1-0

[Event "Junior Online 4NCL Division 4"]
[Site "online"]
[Date "2020.10.29"]
[Round "6.32"]
[White "Groot Wassink, Emma"]
[Black "Keech, Gabriel"]
[Result "1/2-1/2"]
[WhiteElo "1442"]
[BlackElo "1682"]
[PlyCount "66"]
[EventDate "2020.10.29"]
[WhiteTeam "JHJ 3"]
[BlackTeam "Somerset Lions"]

1. e4 e6 2. d4 d5 3. Nc3 Bb4 4. e5 c5 5. Nf3 Nc6 6. Be3 cxd4 7. Nxd4 Bxc3+ 8.
bxc3 Nxe5 9. Qh5 Ng6 10. Bd3 Nf6 11. Qf3 e5 12. Bxg6 fxg6 13. Nb3 Bg4 14. Qg3
O-O 15. Qxe5 Re8 16. Qg3 Bf5 17. Rc1 Ne4 18. Qf3 Nxc3 19. O-O Nxa2 20. Rcd1
Bxc2 21. Rxd5 Qf6 22. Nd4 Qxf3 23. Nxf3 Be4 24. Ra5 Bxf3 25. gxf3 Nb4 26. Rb1
Nc6 27. Rab5 b6 28. Rc1 Na5 29. Rc7 Rec8 30. Rd7 Nc4 31. Bd4 Kf8 32. Rxg7 Nd2
33. Kg2 Rc4 1/2-1/2

[Event "Junior Online 4NCL Division 4"]
[Site "online"]
[Date "2020.10.29"]
[Round "6.33"]
[White "Wang, Andy"]
[Black "Yu, Rock"]
[Result "0-1"]
[WhiteElo "1525"]
[BlackElo "1397"]
[PlyCount "48"]
[EventDate "2020.10.29"]
[WhiteTeam "Somerset Lions"]
[BlackTeam "JHJ 3"]

1. d4 Nf6 2. Bf4 g6 3. Nf3 Bg7 4. e3 d6 5. c4 Nbd7 6. Nc3 O-O 7. Bd3 Re8 8. Be2
e5 9. Bg3 Qe7 10. O-O c6 11. Re1 e4 12. Nd2 d5 13. Qb3 Nb6 14. c5 Nbd7 15. Qc2
Rd8 16. a4 Ne8 17. b4 h5 18. Reb1 h4 19. Bf4 g5 20. Bd6 Nxd6 21. cxd6 Qxd6 22.
b5 c5 23. Nb3 c4 24. Nd2 f5 0-1

[Event "Junior Online 4NCL Division 4"]
[Site "online"]
[Date "2020.10.29"]
[Round "6.34"]
[White "Mouskos, Mia"]
[Black "Zeng, Jonathan"]
[Result "0-1"]
[WhiteElo "1397"]
[BlackElo "1412"]
[PlyCount "124"]
[EventDate "2020.10.29"]
[WhiteTeam "JHJ 3"]
[BlackTeam "Somerset Lions"]

1. e4 e5 2. Nf3 Nc6 3. d4 d6 4. dxe5 Bg4 5. exd6 Bxd6 6. Nc3 Bxf3 7. Qxf3 Nf6
8. Bc4 O-O 9. O-O h6 10. Be3 Re8 11. Rfe1 Qe7 12. Bf4 Bxf4 13. Qxf4 Rad8 14. a3
a6 15. Bd3 Qd6 16. Qf3 Ne5 17. Qe2 Nxd3 18. cxd3 Qxd3 19. Qxd3 Rxd3 20. e5 Ng4
21. f4 g5 22. h3 Ne3 23. fxg5 Nc2 24. Rad1 Rxd1 25. Rxd1 hxg5 26. Rd7 Rxe5 27.
Rxc7 b5 28. Ra7 b4 29. axb4 Nxb4 30. Rb7 a5 31. Nb5 Re1+ 32. Kh2 Rb1 33. Nd6
Rxb2 34. Nxf7 Nd3 35. Rxb2 Nxb2 36. Nd6 Kf8 37. Ne4 a4 38. Nd2 a3 39. Nb3 a2
40. g4 Ke7 41. Kg3 Kd6 42. h4 gxh4+ 43. Kxh4 Nd3 44. g5 Ne5 45. Kh5 Kd5 46. Kh6
Kc4 47. Na1 Kc3 48. Kg7 Kb2 49. Kf6 Ng6 50. Kxg6 Kxa1 51. Kf5 Kb1 52. g6 a1=Q
53. Kg5 Qg7 54. Kh5 Kc2 55. Kg5 Kd3 56. Kf5 Kd4 57. Kg5 Ke5 58. Kh5 Kf5 59. Kh4
Qxg6 60. Kh3 Kf4 61. Kh2 Kf3 62. Kh1 Qg2# 0-1

[Event "Junior Online 4NCL Division 4"]
[Site "online"]
[Date "2020.10.29"]
[Round "6.35"]
[White "Ward, Cian"]
[Black "Timbrell, Matthew"]
[Result "0-1"]
[WhiteElo "1465"]
[BlackElo "1682"]
[PlyCount "72"]
[EventDate "2020.10.29"]
[WhiteTeam "JHJ 3"]
[BlackTeam "Somerset Lions"]

1. c4 e5 2. Nc3 Nf6 3. g3 Nc6 4. Bg2 Bb4 5. Nd5 Bc5 6. d3 Nxd5 7. Bxd5 Ne7 8.
Bg2 O-O 9. Nf3 d6 10. O-O Bd7 11. Bd2 Qc8 12. b4 Bb6 13. Qc2 a6 14. Rfc1 Bd4
15. Rab1 Ba7 16. c5 dxc5 17. Nxe5 cxb4 18. Nxd7 Qxd7 19. Bxb7 Rab8 20. Qxc7
Rxb7 21. Qxd7 Rxd7 22. Bxb4 Re8 23. a4 Nd5 24. Ba3 h6 25. Rc6 Rxe2 26. Bc5 Bxc5
27. Rxc5 Nf6 28. Rc6 Rxd3 29. Rxa6 Rdd2 30. Rab6 Rxf2 31. a5 Rg2+ 32. Kf1 Rxh2
33. Kg1 Ng4 34. a6 Rdg2+ 35. Kf1 Ne3+ 36. Ke1 Rg1# 0-1

[Event "Junior Online 4NCL Division 4"]
[Site "online"]
[Date "2020.10.29"]
[Round "6.36"]
[White "Keech, Gabriel"]
[Black "Groot Wassink, Emma"]
[Result "1-0"]
[WhiteElo "1682"]
[BlackElo "1442"]
[PlyCount "93"]
[EventDate "2020.10.29"]
[WhiteTeam "Somerset Lions"]
[BlackTeam "JHJ 3"]

1. c4 Nf6 2. Nc3 g6 3. Nf3 Bg7 4. g3 d6 5. Bg2 O-O 6. O-O c5 7. Rb1 a6 8. a3
Nc6 9. d3 Rb8 10. b4 cxb4 11. axb4 Qc7 12. Bd2 b5 13. cxb5 axb5 14. Qc1 Qb6 15.
Bh6 e6 16. Bxg7 Kxg7 17. Qd2 Bb7 18. Rfc1 Rbc8 19. Ne4 Nxe4 20. dxe4 Rfd8 21.
Qb2+ Kg8 22. e5 d5 23. e3 h6 24. Nd4 Nxd4 25. exd4 Rxc1+ 26. Rxc1 Qa7 27. Bf1
Ba6 28. Rc5 Rb8 29. Qc1 Qb7 30. Qxh6 Rc8 31. Qc1 Rb8 32. Qa3 Rc8 33. Qc3 Rb8
34. Bd3 Qe7 35. Qa3 Qb7 36. Qa2 Rc8 37. Rxc8+ Qxc8 38. Qc2 Qxc2 39. Bxc2 Kg7
40. Kf1 Kh6 41. Ke2 Kg5 42. Kf3 f6 43. h4+ Kh6 44. exf6 Kh7 45. g4 Kg8 46. Bxg6
Kf8 47. h5 1-0

[Event "Junior Online 4NCL Division 4"]
[Site "online"]
[Date "2020.10.29"]
[Round "6.37"]
[White "Yu, Rock"]
[Black "Wang, Andy"]
[Result "1-0"]
[WhiteElo "1397"]
[BlackElo "1525"]
[PlyCount "67"]
[EventDate "2020.10.29"]
[WhiteTeam "JHJ 3"]
[BlackTeam "Somerset Lions"]

1. c4 e5 2. Nc3 Nf6 3. g3 Nc6 4. Bg2 Bc5 5. Nf3 d6 6. e3 Bb6 7. d4 Bg4 8. d5
Na5 9. e4 Bd4 10. Qa4+ Qd7 11. Qxa5 Bxc3+ 12. Qxc3 Nxe4 13. Qc2 Bf5 14. Nxe5
Qe7 15. Bxe4 Qxe5 16. f3 Bxe4 17. Qxe4 Qxe4+ 18. fxe4 O-O 19. O-O Rae8 20. Re1
Re7 21. Bf4 Rfe8 22. Re3 Rxe4 23. Rae1 Rxe3 24. Rxe3 Rxe3 25. Bxe3 a6 26. a4
Kf8 27. b4 b6 28. Kf2 Ke7 29. Kf3 Kf6 30. Kf4 Ke7 31. Bd4 f6 32. g4 g6 33. h4
Kf7 34. h5 1-0

[Event "Junior Online 4NCL Division 4"]
[Site "online"]
[Date "2020.10.29"]
[Round "6.38"]
[White "Zeng, Jonathan"]
[Black "Mouskos, Mia"]
[Result "0-1"]
[WhiteElo "1412"]
[BlackElo "1397"]
[PlyCount "82"]
[EventDate "2020.10.29"]
[WhiteTeam "Somerset Lions"]
[BlackTeam "JHJ 3"]

1. e4 e6 2. d4 d5 3. exd5 exd5 4. Nc3 Nf6 5. Bb5+ c6 6. Bd3 Bd6 7. Bg5 h6 8.
Bh4 O-O 9. Nf3 Re8+ 10. Be2 Bf5 11. O-O Nbd7 12. a3 Qc7 13. h3 Rac8 14. b4 a5
15. Rb1 axb4 16. axb4 Re6 17. Bd3 Bxd3 18. Qxd3 Rce8 19. Na4 Bf4 20. Nc5 Nxc5
21. bxc5 Qd7 22. Qf5 Bb8 23. Bxf6 g6 24. Qd3 Rxf6 25. Rfe1 Rfe6 26. Rxe6 Qxe6
27. Rxb7 Qc8 28. Rb1 Bf4 29. c3 Qc7 30. c4 dxc4 31. Qxc4 Re4 32. Qc3 Qe7 33.
Rb6 Qc7 34. Ne5 Bxe5 35. dxe5 Rxe5 36. f4 Re6 37. Kh1 Re8 38. Qf3 Re6 39. h4
Re1+ 40. Kh2 Re6 41. g3 Qd7 0-1

[Event "Junior Online 4NCL Division 4"]
[Site "online"]
[Date "2020.10.29"]
[Round "6.41"]
[White "Catabay, Mae Katelyn Rose"]
[Black "Xu, Tianyou"]
[Result "1-0"]
[WhiteElo "1600"]
[BlackElo "1390"]
[PlyCount "67"]
[EventDate "2020.10.29"]
[WhiteTeam "Colchester Juniors A"]
[BlackTeam "JHJ 4"]

1. e4 e5 2. f4 exf4 3. Nf3 Bc5 4. d4 Bb4+ 5. c3 Be7 6. Bxf4 d6 7. Bd3 Bg4 8.
O-O Nc6 9. Nbd2 Nf6 10. Qb3 O-O 11. Qxb7 Qd7 12. Bb5 Rab8 13. Qxc6 Rxb5 14.
Qxd7 Bxd7 15. b4 Rbb8 16. e5 dxe5 17. Nxe5 Bb5 18. c4 Ba6 19. b5 Bb7 20. Bg5
Rfd8 21. Nb3 h6 22. Be3 Bd6 23. Nd3 Ng4 24. Bf4 Be4 25. Bxd6 Rxd6 26. Ndc5 Bc2
27. Rae1 Bxb3 28. Nxb3 Nf6 29. Re7 Rd7 30. Rfe1 Rbd8 31. a4 Kf8 32. Rxd7 Rxd7
33. Kf2 Ne4+ 34. Rxe4 1-0

[Event "Junior Online 4NCL Division 4"]
[Site "online"]
[Date "2020.10.29"]
[Round "6.42"]
[White "Hatem, Mika"]
[Black "Popovici, Rees"]
[Result "1-0"]
[WhiteElo "1405"]
[BlackElo "1595"]
[PlyCount "44"]
[EventDate "2020.10.29"]
[WhiteTeam "JHJ 4"]
[BlackTeam "Colchester Juniors A"]

1. e4 e5 2. Nf3 Nc6 3. d4 exd4 4. Nxd4 Nxd4 5. Qxd4 Nf6 6. e5 Qe7 7. Be3 Nh5 8.
g4 Qb4+ 9. Qxb4 Bxb4+ 10. c3 Ba5 11. gxh5 O-O 12. Nd2 Re8 13. f4 d6 14. O-O-O
dxe5 15. fxe5 Rxe5 16. Bd4 Rxh5 17. Rg1 f6 18. Bxf6 g6 19. Bc4+ Kf8 20. Rdf1
Bf5 21. h3 Rxh3 22. Rxf5 Ke8 1-0

[Event "Junior Online 4NCL Division 4"]
[Site "online"]
[Date "2020.10.29"]
[Round "6.43"]
[White "Gogia, Pranay"]
[Black "Stehlin, Nathan"]
[Result "0-1"]
[WhiteElo "1501"]
[BlackElo "1360"]
[PlyCount "54"]
[EventDate "2020.10.29"]
[WhiteTeam "Colchester Juniors A"]
[BlackTeam "JHJ 4"]

1. d4 e6 2. Bf4 c5 3. e3 Nf6 4. Nf3 Nc6 5. c3 d5 6. Nbd2 Be7 7. Bd3 O-O 8. h4
c4 9. Bc2 Bd6 10. h5 h6 11. Ne5 Qc7 12. Ndf3 Nd7 13. Nxd7 Qxd7 14. Ne5 Qc7 15.
Nxc6 Bxf4 16. Ne7+ Qxe7 17. exf4 f5 18. g4 Re8 19. Qf3 fxg4 20. Qxg4 Qf6 21.
O-O-O e5 22. Qe2 Qxf4+ 23. Kb1 Bf5 24. Bxf5 Qxf5+ 25. Ka1 exd4 26. Qc2 Qxc2 27.
Rxd4 Re2 0-1

[Event "Junior Online 4NCL Division 4"]
[Site "online"]
[Date "2020.10.29"]
[Round "6.44"]
[White "Sharma, Ishaan"]
[Black "Catabay, Rezin C"]
[Result "0-1"]
[WhiteElo "1330"]
[BlackElo "1427"]
[PlyCount "44"]
[EventDate "2020.10.29"]
[WhiteTeam "JHJ 4"]
[BlackTeam "Colchester Juniors A"]

1. d4 d5 2. Nf3 Nf6 3. Bf4 c5 4. c3 Nc6 5. e3 Bf5 6. Bd3 Bg6 7. O-O e6 8. Nbd2
Bd6 9. Bxg6 hxg6 10. Re1 Qc7 11. g3 O-O-O 12. dxc5 Bxf4 13. exf4 Rh6 14. b4
Rdh8 15. b5 Ne7 16. Rb1 Qxc5 17. Qc2 Ng4 18. Nf1 Nf5 19. Qa4 Qxf2+ 20. Kh1
Rxh2+ 21. N1xh2 Rxh2+ 22. Nxh2 Qxh2# 0-1

[Event "Junior Online 4NCL Division 4"]
[Site "online"]
[Date "2020.10.29"]
[Round "6.45"]
[White "Xu, Tianyou"]
[Black "Catabay, Mae Katelyn Rose"]
[Result "0-1"]
[WhiteElo "1390"]
[BlackElo "1600"]
[PlyCount "43"]
[EventDate "2020.10.29"]
[WhiteTeam "JHJ 4"]
[BlackTeam "Colchester Juniors A"]

1. d4 Nf6 2. Bf4 d6 3. e3 Nbd7 4. Nc3 g6 5. Nf3 Bg7 6. Bd3 O-O 7. h4 Re8 8. h5
Nxh5 9. Ng5 Nxf4 10. exf4 h5 11. Qf3 Nf6 12. O-O-O Bg4 13. Qe3 Bxd1 14. Nxd1
Qd7 15. Bc4 d5 16. Bb3 a5 17. Nc3 b5 18. a4 b4 19. Ne2 Ng4 20. Qh3 Qd6 21. Qf3
c6 22. Qe3 0-1